[Event "Pan American Intercollegiate-chT"]
[Site "South Padre Island"]
[Date "2009.12.28"]
[Round "2"]
[White "Zhou, Haonan"]
[Black "Kuljasevic, Davorin"]
[Result "0-1"]
[WhiteElo "2131"]
[BlackElo "2544"]
[PlyCount "80"]
[EventDate "2009.12.27"]
[EventType "team-swiss"]
[EventRounds "6"]
[EventCountry "USA"]
[SourceTitle "CBM 134 Extra"]
[Source "ChessBase"]
[SourceDate "2010.03.03"]
[SourceVersion "1"]
[SourceVersionDate "2010.03.03"]
[SourceQuality "1"]

1. d4 Nf6 2. c4 e6 3. Nf3 d5 4. Nc3 Bb4 5. Bg5 Nbd7 6. e3 c5 7. cxd5 exd5 8. Bd3 Qa5 9. Qc2 0-0 10. 0-0 c4 11. Bf5 Re8 12. Nd2 g6 13. Bxd7 Nxd7 14. h4 f6 15. Bh6 Nb6 16. f3 Bd7 17. e4 Bxc3 18. bxc3 Na4 19. Rac1 Re6 20. h5 gxh5 21. Nb1 Be8 22. Qf2 Bg6 23. Qg3 Kh8 24. e5 fxe5 25. f4 Rg8 26. fxe5 Qd8 27. Qh3 Be4 28. Rf8 Rxf8 29. Qxe6 Rg8 30. Qh3 Rxg2+ 31. Qxg2 Bxg2 32. Kxg2 Qg8+ 33. Kh2 Qg6 34. Bf4 Qg4 35. Rf1 Qe2+ 36. Kg1 Kg7 37. Rf2 Qd1+ 38. Rf1 Qg4+ 39. Kh2 Qe2+ 40. Kg1 Nb2 0-1

[Event "CAN-ch U20"]
[Site "Toronto"]
[Date "2008.05.13"]
[Round "8"]
[White "Tayar, Jonathan"]
[Black "Zhou, Haonan"]
[Result "1-0"]
[WhiteElo "2343"]
[BlackElo "2137"]
[PlyCount "59"]
[EventDate "2008.05.09"]
[EventType "swiss"]
[EventRounds "9"]
[EventCountry "CAN"]
[SourceTitle "EXT 2011"]
[Source "ChessBase"]
[SourceDate "2010.11.26"]
[SourceVersion "1"]
[SourceVersionDate "2010.11.26"]
[SourceQuality "1"]

1. e4 e6 2. d4 d5 3. Nc3 Nf6 4. Bg5 Be7 5. e5 Nfd7 6. Bxe7 Qxe7 7. f4 a6 8. Nf3 c5 9. dxc5 Nc6 10. Bd3 Qxc5 11. Qd2 b5 12. a3 Nb6 13. b4 Qe7 14. Qf2 Rb8 15. 0-0 Nc4 16. Ne2 Bd7 17. Ned4 Nxd4 18. Nxd4 Rc8 19. Nb3 0-0 20. Nc5 a5 21. Qd4 Bc6 22. c3 Rcd8 23. f5 exf5 24. Bxf5 Ra8 25. Rae1 axb4 26. e6 f6 27. axb4 Ra2 28. Rf3 Nd2 29. Bxh7+ Kh8 30. Rf2 1-0

[Event "CAN-ch U20"]
[Site "Toronto"]
[Date "2008.05.12"]
[Round "7"]
[White "Zhou, Haonan"]
[Black "Humphreys, Michael"]
[Result "1-0"]
[WhiteElo "2137"]
[BlackElo "2103"]
[PlyCount "111"]
[EventDate "2008.05.09"]
[EventType "swiss"]
[EventRounds "9"]
[EventCountry "CAN"]
[SourceTitle "EXT 2011"]
[Source "ChessBase"]
[SourceDate "2010.11.26"]
[SourceVersion "1"]
[SourceVersionDate "2010.11.26"]
[SourceQuality "1"]

1. d4 Nf6 2. c4 g6 3. Nc3 d5 4. cxd5 Nxd5 5. e4 Nxc3 6. bxc3 Bg7 7. Nf3 c5 8. Rb1 0-0 9. Be2 cxd4 10. cxd4 Qa5+ 11. Qd2 Qxd2+ 12. Bxd2 b6 13. 0-0 Rd8 14. d5 Ba6 15. Rfe1 Bxe2 16. Rxe2 Na6 17. Bg5 Rd7 18. Rd1 e6 19. Red2 e5 20. Rc2 Nc5 21. Nd2 f6 22. Be3 Bf8 23. f3 Bd6 24. Nb3 Na4 25. Rdc1 Kf7 26. Kf1 Rdd8 27. Nd2 Bc5 28. Bxc5 Nxc5 29. Nb3 Na6 30. Ke2 Ke7 31. Rc6 Rd6 32. a3 Rxc6 33. Rxc6 Rd8 34. Kd3 Rd6 35. Rc8 Rd8 36. Rc4 Rd7 37. Rc6 Rd6 38. Rc2 Rd7 39. g3 Rc7 40. Rf2 Nb8 41. h4 Rc8 42. g4 h6 43. Rg2 Nd7 44. g5 fxg5 45. hxg5 h5 46. Rf2 Nc5+ 47. Nxc5 Rxc5 48. f4 Ra5 49. fxe5 Rxa3+ 50. Kd4 Ra4+ 51. Ke3 Ra3+ 52. Kf4 Ra5 53. Rd2 Ra1 54. e6 Ra5 55. d6+ Kd8 56. d7 1-0

[Event "Toronto Spring 03"]
[Site "Toronto"]
[Date "2008.04.02"]
[Round "7"]
[White "Semyonov, Vladimir"]
[Black "Zhou, Haonan"]
[Result "0-1"]
[WhiteElo "2160"]
[BlackElo "2088"]
[PlyCount "48"]
[EventDate "2008.03.14"]
[EventType "tourn"]
[EventRounds "7"]
[EventCountry "CAN"]
[SourceTitle "EXT 2011"]
[Source "ChessBase"]
[SourceDate "2010.11.26"]
[SourceVersion "1"]
[SourceVersionDate "2010.11.26"]
[SourceQuality "1"]

1. Nf3 d5 2. c4 c6 3. e3 Nf6 4. Qc2 e6 5. b3 Nbd7 6. Bb2 Bd6 7. g4 h6 8. Rg1 Qc7 9. h4 Ne5 10. Nxe5 Bxe5 11. d4 Bh2 12. Rg2 Bd6 13. Nc3 b6 14. 0-0-0 Bb7 15. g5 hxg5 16. hxg5 Nd7 17. cxd5 cxd5 18. Kb1 a6 19. Rc1 Nb8 20. f4 Nc6 21. g6 f5 22. Nxd5 exd5 23. Qxf5 Qd7 24. Qxd5 Ne5 0-1

[Event "Wch U16"]
[Site "Kemer"]
[Date "2007.11.28"]
[Round "11"]
[White "Ton That Nhu, Tung"]
[Black "Zhou, Haonan"]
[Result "1-0"]
[WhiteElo "2216"]
[BlackElo "2096"]
[PlyCount "69"]
[EventDate "2007.11.18"]
[EventType "swiss"]
[EventRounds "11"]
[EventCountry "TUR"]
[SourceTitle "CBM 121 Extra"]
[Source "ChessBase"]
[SourceDate "2008.01.10"]
[SourceVersion "1"]
[SourceVersionDate "2008.01.10"]
[SourceQuality "1"]

1. Nf3 d5 2. d4 Nf6 3. c4 c6 4. e3 a6 5. a4 Bf5 6. Qb3 Ra7 7. Nc3 h6 8. a5 e6 9. Qb6 Qxb6 10. axb6 Ra8 11. c5 Nbd7 12. b4 Rb8 13. Nd2 Be7 14. f3 e5 15. Nb3 e4 16. Na5 Bd8 17. Bd2 0-0 18. Be2 Re8 19. Kf2 Bg6 20. Bxa6 bxa6 21. Nxc6 Rc8 22. Nxd8 Rexd8 23. Rxa6 Nb8 24. Ra8 Bf5 25. Rha1 Be6 26. b5 exf3 27. gxf3 Nfd7 28. b7 Rc7 29. c6 Nb6 30. R1a7 Nc4 31. Rxb8 Rxb8 32. Ra8 Rbc8 33. bxc8Q+ Rxc8 34. Rxc8+ Bxc8 35. Nxd5 1-0

[Event "Wch U16"]
[Site "Kemer"]
[Date "2007.11.21"]
[Round "4"]
[White "Zhou, Haonan"]
[Black "Akat, Erinc Akay"]
[Result "1-0"]
[WhiteElo "2096"]
[BlackElo "1850"]
[PlyCount "42"]
[EventDate "2007.11.18"]
[EventType "swiss"]
[EventRounds "11"]
[EventCountry "TUR"]
[SourceTitle "CBM 121 Extra"]
[Source "ChessBase"]
[SourceDate "2008.01.10"]
[SourceVersion "1"]
[SourceVersionDate "2008.01.10"]
[SourceQuality "1"]

1. d4 e6 2. c4 d5 3. Nc3 Nf6 4. Bg5 Nbd7 5. e3 c6 6. Nf3 Be7 7. Rc1 0-0 8. Qc2 Re8 9. Bd3 dxc4 10. Bxc4 Nd5 11. Bxe7 Qxe7 12. 0-0 Nxc3 13. Qxc3 e5 14. d5 cxd5 15. Bxd5 Nb6 16. Bb3 Bd7 17. Rfd1 Bc6 18. Ne1 Rad8 19. Qa5 Ra8 20. Nd3 Qg5 21. Rxc6 bxc6 1-0

[Event "Wch U16"]
[Site "Kemer"]
[Date "2007.11.20"]
[Round "3"]
[White "Lomsadze, David"]
[Black "Zhou, Haonan"]
[Result "1-0"]
[WhiteElo "2408"]
[BlackElo "2096"]
[PlyCount "71"]
[EventDate "2007.11.18"]
[EventType "swiss"]
[EventRounds "11"]
[EventCountry "TUR"]
[SourceTitle "CBM 121 Extra"]
[Source "ChessBase"]
[SourceDate "2008.01.10"]
[SourceVersion "1"]
[SourceVersionDate "2008.01.10"]
[SourceQuality "1"]

1. e4 e6 2. d4 d5 3. Nd2 Nc6 4. c3 e5 5. exd5 Qxd5 6. Ngf3 exd4 7. Bc4 Qf5 8. 0-0 Be6 9. Bxe6 fxe6 10. Nb3 0-0-0 11. Nbxd4 Nxd4 12. Nxd4 Qd5 13. Qb3 Nf6 14. Nxe6 Re8 15. Qxd5 Nxd5 16. Nf4 Nf6 17. Nd3 Bd6 18. Bf4 Bxf4 19. Nxf4 Re4 20. Nd3 Rd8 21. Rad1 Re2 22. f3 Nd5 23. Rf2 Ree8 24. Nc5 Ne3 25. Rxd8+ Rxd8 26. Re2 Nd5 27. Kf2 h6 28. Rd2 Rd6 29. Ne4 Rd7 30. g3 c6 31. c4 Nb4 32. Rxd7 Kxd7 33. Nc5+ Ke7 34. a3 Na2 35. Nxb7 Nc1 36. Nc5 1-0

[Event "Wch U16"]
[Site "Kemer"]
[Date "2007.11.19"]
[Round "2"]
[White "Zhou, Haonan"]
[Black "Al Ajji, Abdulaziz"]
[Result "1-0"]
[WhiteElo "2096"]
[BlackElo "1587"]
[PlyCount "61"]
[EventDate "2007.11.18"]
[EventType "swiss"]
[EventRounds "11"]
[EventCountry "TUR"]
[SourceTitle "CBM 121 Extra"]
[Source "ChessBase"]
[SourceDate "2008.01.10"]
[SourceVersion "1"]
[SourceVersionDate "2008.01.10"]
[SourceQuality "1"]

1. d4 d5 2. c4 c6 3. Nc3 Nf6 4. Nf3 a6 5. cxd5 cxd5 6. Ne5 Nc6 7. g3 Qb6 8. Nxc6 bxc6 9. Bg2 Bf5 10. 0-0 e6 11. Na4 Qb5 12. Nc3 Qb6 13. b3 Bb4 14. Na4 Qb5 15. a3 Bd6 16. Bf4 Bxf4 17. gxf4 Nd7 18. Rc1 Rb8 19. Nc5 h6 20. b4 g5 21. Qd2 Rg8 22. Kh1 Nb6 23. fxg5 hxg5 24. e4 Bh7 25. Qe3 Nc4 26. Qh3 Bg6 27. Rfe1 Rd8 28. exd5 cxd5 29. Nxe6 fxe6 30. Qxe6+ Kf8 31. Qe7# 1-0

[Event "CAN-ch U16"]
[Site "Ottawa"]
[Date "2007.07.03"]
[Round "2"]
[White "Kaminski, Victor Kazimierz"]
[Black "Zhou, Haonan"]
[Result "0-1"]
[WhiteElo "2306"]
[BlackElo "2016"]
[PlyCount "128"]
[EventDate "2007.07.03"]
[EventType "swiss"]
[EventRounds "7"]
[EventCountry "CAN"]
[SourceTitle "EXT 2022"]
[Source "ChessBase"]
[SourceDate "2021.10.06"]
[SourceVersion "1"]
[SourceVersionDate "2021.10.06"]
[SourceQuality "1"]

1. c4 c5 2. Nc3 Nc6 3. g3 g6 4. Bg2 Bg7 5. e4 Nf6 6. Nge2 0-0 7. 0-0 Ne8 8. d3 Nc7 9. f4 Rb8 10. Be3 Ne6 11. g4 Ned4 12. f5 d6 13. a3 b5 14. cxb5 Nxb5 15. Rb1 Bd7 16. g5 Nbd4 17. Ng3 f6 18. gxf6 Rxf6 19. Nd5 Rf8 20. fxg6 hxg6 21. Nf4 Qe8 22. h4 Ne6 23. b3 Nxf4 24. Bxf4 Bd4+ 25. Kh1 Qc8 26. h5 Bg4 27. Qd2 Qe6 28. Bh6 Bg7 29. Bxg7 Kxg7 30. Nf5+ gxf5 31. exf5 Rxf5 32. Rxf5 Qxf5 33. Bxc6 Qxh5+ 34. Kg1 Qe5 35. Qb2 Qxb2 36. Rxb2 Kf6 37. b4 cxb4 38. axb4 Bf5 39. d4 Rg8+ 40. Kf2 Rg4 41. b5 Rxd4 42. Ra2 Be4 43. Bxe4 Rxe4 44. Rxa7 Rb4 45. Rb7 Rb3 46. b6 Ke6 47. Rb8 Kd7 48. Rb7+ Ke6 49. Ke2 d5 50. Kd2 Kd6 51. Rb8 Rb5 52. b7 Kd7 53. Kc2 e5 54. Kd2 e4 55. Ke3 Kc7 56. Rc8+ Kxb7 57. Rc1 Rb3+ 58. Kd4 Rd3+ 59. Kc5 Kc7 60. Rh1 Kd7 61. Rh6 e3 62. Rh5 d4 63. Kd5 e2 64. Rh7+ Ke8 0-1

[Event "Toronto Reserves-A"]
[Site "Toronto"]
[Date "2007.??.??"]
[Round "2"]
[White "Ferreira, Alex"]
[Black "Zhou, Haonan"]
[Result "1-0"]
[WhiteElo "2070"]
[BlackElo "1919"]
[PlyCount "49"]
[EventDate "2007.02.??"]
[EventType "tourn"]
[EventRounds "7"]
[EventCountry "CAN"]
[SourceTitle "EXT 2022"]
[Source "ChessBase"]
[SourceDate "2021.10.06"]
[SourceVersion "1"]
[SourceVersionDate "2021.10.06"]
[SourceQuality "1"]

1. d4 d5 2. c4 c6 3. Nf3 Nf6 4. Bg5 Ne4 5. Bh4 Qa5+ 6. Nfd2 Bf5 7. f3 Nf6 8. Nc3 e6 9. a3 Qb6 10. cxd5 Bg6 11. Nb3 cxd5 12. Na4 Qxd4 13. Bf2 Qe5 14. Bg3 Qe3 15. Bf2 Qf4 16. Bg3 Qg5 17. e4 dxe4 18. Bb5+ Ke7 19. fxe4 Qc5 20. Nb6 axb6 21. Bd7 Qb4+ 22. axb4 Bh5 23. Kf2 Bxd1 24. b5 Nd5 25. Bd6+ 1-0

[Event "CAN-ch U20"]
[Site "Kitchener"]
[Date "2006.07.13"]
[Round "7"]
[White "Kraiouchkine, Nikita"]
[Black "Zhou, Haonan"]
[Result "1/2-1/2"]
[WhiteElo "1769"]
[BlackElo "1821"]
[PlyCount "84"]
[EventDate "2006.07.10"]
[EventType "tourn"]
[EventRounds "7"]
[EventCountry "CAN"]
[SourceTitle "CBM 113 Extra"]
[Source "ChessBase"]
[SourceDate "2006.09.14"]
[SourceVersion "1"]
[SourceVersionDate "2006.09.14"]
[SourceQuality "1"]

1. e4 e6 2. d4 d5 3. e5 c5 4. c3 Nc6 5. Nf3 Qb6 6. a3 c4 7. Nbd2 Na5 8. b4 cxb3 9. Bb2 Bd7 10. c4 Nxc4 11. Nxc4 dxc4 12. Bxc4 Bb5 13. Rc1 Ne7 14. Bxb5+ Qxb5 15. Rc5 Qd7 16. Qxb3 Nd5 17. Rc2 Be7 18. 0-0 0-0 19. Rfc1 Rfc8 20. Bc3 Rc6 21. g3 Rac8 22. Ne1 Rb6 23. Bb4 Rxc2 24. Qxc2 Rc6 25. Qb2 Rxc1 26. Qxc1 Nxb4 27. axb4 Bxb4 28. Nd3 a5 29. Nxb4 axb4 30. Qc4 b5 31. Qxb4 Qd5 32. Kf1 h6 33. Ke2 Qa2+ 34. Ke3 Qd5 35. f4 g5 36. fxg5 hxg5 37. Qe7 Qb3+ 38. Ke2 Qc2+ 39. Ke3 Qc1+ 40. Ke2 Qc2+ 41. Ke3 Qc3+ 42. Ke2 Qc2+ 1/2-1/2

[Event "CAN-ch U20"]
[Site "Kitchener"]
[Date "2006.07.11"]
[Round "4"]
[White "Zhou, Haonan"]
[Black "Fan, Brendan"]
[Result "1/2-1/2"]
[WhiteElo "1821"]
[BlackElo "1952"]
[PlyCount "70"]
[EventDate "2006.07.10"]
[EventType "tourn"]
[EventRounds "7"]
[EventCountry "CAN"]
[SourceTitle "CBM 113 Extra"]
[Source "ChessBase"]
[SourceDate "2006.09.14"]
[SourceVersion "1"]
[SourceVersionDate "2006.09.14"]
[SourceQuality "1"]

1. d4 e6 2. c4 Nf6 3. Nf3 Bb4+ 4. Bd2 Qe7 5. g3 Nc6 6. Bg2 Bxd2+ 7. Nbxd2 d6 8. 0-0 a5 9. e4 e5 10. d5 Nb8 11. b3 0-0 12. a3 Nh5 13. b4 f5 14. exf5 axb4 15. Nh4 Nf4 16. axb4 Rxa1 17. Qxa1 Na6 18. Qa3 Nxg2 19. Kxg2 Bxf5 20. Nxf5 Rxf5 21. Ne4 Rf8 22. c5 dxc5 23. bxc5 Qf7 24. Qb3 c6 25. Nd6 Nxc5 26. Nxf7 Nxb3 27. Nxe5 cxd5 28. Rb1 Nc5 29. Rb5 Rc8 30. Rb6 d4 31. Rd6 d3 32. Nxd3 Nxd3 33. Rxd3 b5 34. Rb3 Rb8 35. f4 Kf7 1/2-1/2